A boy called Dickens / (Record no. 277246)
[ view plain ]
| 000 -LEADER | |
|---|---|
| fixed length control field | 01954nam a22004818a 4500 |
| 001 - CONTROL NUMBER | |
| control field | ocn699373719 |
| 003 - CONTROL NUMBER IDENTIFIER | |
| control field | OCoLC |
| 005 - DATE AND TIME OF LATEST TRANSACTION | |
| control field | 20200320185818.0 |
| 008 - FIXED-LENGTH DATA ELEMENTS--GENERAL INFORMATION | |
| fixed length control field | 101213s2012 nyua b 000 1 eng |
| 010 ## - LIBRARY OF CONGRESS CONTROL NUMBER | |
| LC control number | 2010048531 |
| 020 ## - INTERNATIONAL STANDARD BOOK NUMBER | |
| International Standard Book Number | 9780375867323 |
| 020 ## - INTERNATIONAL STANDARD BOOK NUMBER | |
| International Standard Book Number | 0375867325 |
| 020 ## - INTERNATIONAL STANDARD BOOK NUMBER | |
| International Standard Book Number | 9780375967320 (glb) |
| 020 ## - INTERNATIONAL STANDARD BOOK NUMBER | |
| International Standard Book Number | 037596732X (glb) |
| 035 ## - SYSTEM CONTROL NUMBER | |
| System control number | (OCoLC)699373719 |
| 040 ## - CATALOGING SOURCE | |
| Original cataloging agency | DLC |
| Language of cataloging | eng |
| Transcribing agency | DLC |
| Modifying agency | JP3 |
| -- | JZ6 |
| -- | YDXCP |
| -- | UPZ |
| -- | OCLCQ |
| -- | BDX |
| -- | VP@ |
| -- | WACOL |
| 042 ## - AUTHENTICATION CODE | |
| Authentication code | lcac |
| -- | pcc |
| 043 ## - GEOGRAPHIC AREA CODE | |
| Geographic area code | e-uk-en |
| 049 ## - LOCAL HOLDINGS (OCLC) | |
| Holding library | WACL |
| 050 14 - LIBRARY OF CONGRESS CALL NUMBER | |
| Classification number | PZ7.H778125 |
| Item number | Boy 2012 |
| 082 04 - DEWEY DECIMAL CLASSIFICATION NUMBER | |
| Classification number | [Fic] |
| Edition number | 22 |
| 092 ## - LOCALLY ASSIGNED DEWEY CALL NUMBER (OCLC) | |
| Classification number | childrens |
| Item number | Hop |
| 100 1# - MAIN ENTRY--PERSONAL NAME | |
| Personal name | Hopkinson, Deborah. |
| 9 (RLIN) | 33128 |
| 245 12 - TITLE STATEMENT | |
| Title | A boy called Dickens / |
| Statement of responsibility, etc | written by Deborah Hopkinson ; illustrated by John Hendrix. |
| 250 ## - EDITION STATEMENT | |
| Edition statement | 1st ed. |
| 260 ## - PUBLICATION, DISTRIBUTION, ETC. (IMPRINT) | |
| Place of publication, distribution, etc | New York : |
| Name of publisher, distributor, etc | Schwartz & Wade Books, |
| Date of publication, distribution, etc | c2012. |
| 300 ## - PHYSICAL DESCRIPTION | |
| Extent | 1 v. (unpaged) : |
| Other physical details | col. ill. ; |
| Dimensions | 28 cm. |
| 520 ## - SUMMARY, ETC. | |
| Summary, etc | Narrates the tale of twelve-year-old Charles Dickens who, despite poverty and long hours of factory work, still has time to discover and share the stories of other residents of 1824 London. Includes author's note about Dickens' life and some of the books he wrote. |
| 521 ## - TARGET AUDIENCE NOTE | |
| Target audience note | children |
| Source | micromarketing |
| 600 10 - SUBJECT ADDED ENTRY--PERSONAL NAME | |
| Personal name | Dickens, Charles, |
| Dates associated with a name | 1812-1870 |
| Form subdivision | Juvenile fiction. |
| 9 (RLIN) | 5869672 |
| 600 11 - SUBJECT ADDED ENTRY--PERSONAL NAME | |
| Personal name | Dickens, Charles, |
| Dates associated with a name | 1812-1870 |
| Form subdivision | Fiction. |
| 9 (RLIN) | 5783442 |
| 650 #1 - SUBJECT ADDED ENTRY--TOPICAL TERM | |
| Topical term or geographic name as entry element | Authors |
| Form subdivision | Fiction. |
| 9 (RLIN) | 5676039 |
| 651 #1 - SUBJECT ADDED ENTRY--GEOGRAPHIC NAME | |
| Geographic name | London (England) |
| General subdivision | History |
| Chronological subdivision | 19th century |
| Form subdivision | Fiction. |
| 9 (RLIN) | 5674665 |
| 651 #1 - SUBJECT ADDED ENTRY--GEOGRAPHIC NAME | |
| Geographic name | Great Britain |
| General subdivision | History |
| Chronological subdivision | Victoria, 1837-1901 |
| Form subdivision | Fiction. |
| 9 (RLIN) | 5676073 |
| 700 1# - ADDED ENTRY--PERSONAL NAME | |
| Personal name | Hendrix, John, |
| Dates associated with a name | 1976- |
| 9 (RLIN) | 5869673 |
| 700 1# - ADDED ENTRY--PERSONAL NAME | |
| Personal name | Hendrix, John, |
| Dates associated with a name | 1976- |
| Relator term | ill. |
| 9 (RLIN) | 5869673 |
| 938 ## - | |
| -- | YBP Library Services |
| -- | YANK |
| -- | 7152791 |
| 938 ## - | |
| -- | Brodart |
| -- | BROD |
| -- | 13036106 |
| -- | $20.99 |
| 942 ## - ADDED ENTRY ELEMENTS (KOHA) | |
| Koha item type | BOOK |
| 948 ## - LOCAL PROCESSING INFORMATION (OCLC); SERIES PART DESIGNATOR (RLIN) | |
| Series part designator, SPT (RLIN) | 03/07/2012 |
| z (OCLC) | Sirsi |
| 994 ## - | |
| -- | 02 |
| -- | WACOL |
| 996 ## - | |
| -- | 89100 |
| -- | 34301001045790 |
| -- | E |
| -- | bk |
| -- | wcl |
| -- | i |
| -- | 22 |
| -- | 17.99 |
| -- | micromarketing |
| -- | Hop |
| -- | 03/07/2012 |
| -- | 02/24/2020 |
| -- | 02/18/2020 |
| Withdrawn status | Lost status | Source of classification or shelving scheme | Damaged status | Not for loan | Collection code | Home library | Current library | Shelving location | Date acquired | Source of acquisition | Cost, normal purchase price | Total Checkouts | Total Renewals | Full call number | Barcode | Date last seen | Date checked out | Cost, replacement price | Price effective from | Koha item type |
|---|---|---|---|---|---|---|---|---|---|---|---|---|---|---|---|---|---|---|---|---|
| Dewey Decimal Classification | Children Picture Books | Wasatch County Library | Wasatch County Library | Main Floor Childrens Area | 03/07/2012 | 17.99 | 33 | 16 | E Hop | 34301001045790 | 08/26/2025 | 07/28/2025 | 17.99 | 03/20/2020 | BOOK |
